[Event "Northern Michigan Open"]
[Site "Gaylord, MI"]
[Date "1997.07.19"]
[Round "2.8"]
[White "Avery, Bill"]
[Black "Miller, Jess"]
[Result "1-0"]
[WhiteElo "1393"]
[BlackElo "1244"]
[PlyCount "104"]
[EventDate "1997.07.19"]

1. d4 c5 2. c3 Nc6 3. Nf3 d5 4. Bf4 e6 5. e3 Nf6 6. Bd3 c4 7. Be2 Bd6 8. Bxd6
Qxd6 9. Nbd2 O-O 10. O-O Re8 11. Qc2 h6 12. Ne1 b5 13. f4 Ne7 14. g4 Qd7 15. h3
Nh7 16. Nef3 Qd8 17. Ne5 Rf8 18. Rf2 Qe8 19. Rg2 f6 20. Nef3 Bd7 21. h4 Qc8 22.
h5 e5 23. Nh4 e4 24. Ng6 Rf7 25. Qd1 Nf8 26. f5 Nexg6 27. hxg6 Re7 28. Nf1 Qc6
29. Ng3 a6 30. Qe1 Rb8 31. Qf2 Qd6 32. Rh2 Be8 33. Kg2 Rbb7 34. Rah1 Bxg6 35.
fxg6 Nxg6 36. Nf5 Qc7 37. Nxe7+ Qxe7 38. Qf5 Qf7 39. g5 fxg5 40. Qxf7+ Rxf7 41.
Bh5 Kh7 42. Rf1 Ra7 43. Kg3 Nh4 44. Rhf2 g6 45. Bg4 h5 46. Be6 Nf3 47. Bxd5 g4
48. Bxe4 Re7 49. Bxf3 Rxe3 50. Re2 Rxf3+ 51. Rxf3 gxf3 52. Kxf3 Kh6 1-0

[Event "Northern Michigan Open"]
[Site "Gaylord, MI"]
[Date "1997.07.20"]
[Round "4.10"]
[White "Ryskamp, John"]
[Black "Miller, Jess"]
[Result "1-0"]
[WhiteElo "1339"]
[BlackElo "1244"]
[PlyCount "67"]
[EventDate "1997.07.19"]

1. e4 c5 2. d4 cxd4 3. c3 e5 4. Bc4 Nc6 5. Nf3 h6 6. O-O Bc5 7. Qe2 Nf6 8. Rd1
d6 9. cxd4 Nxd4 10. Nxd4 Bxd4 11. Be3 Bxe3 12. Qxe3 O-O 13. Nc3 Be6 14. Bd5
Bxd5 15. Nxd5 Nxd5 16. Rxd5 Qc7 17. Rc1 Qe7 18. Rcd1 Rfd8 19. g3 a6 20. Qb6 Qf6
21. Rxd6 Rxd6 22. Rxd6 Qf3 23. Qxb7 Re8 24. Rxa6 Rd8 25. Ra8 Rxa8 26. Qxa8+ Kh7
27. Qd5 f6 28. b3 Qe2 29. a4 Qc2 30. Qc4 Qa2 31. Qd5 Qa3 32. a5 Qb4 33. a6 Qa3
34. Qb7 1-0

[Event "Northern Michigan Open"]
[Site "Gaylord, MI"]
[Date "1997.07.20"]
[Round "5.6"]
[White "Revnell, Joseph"]
[Black "Ryskamp, John"]
[Result "1/2-1/2"]
[WhiteElo "1514"]
[BlackElo "1339"]
[PlyCount "129"]
[EventDate "1997.07.19"]

1. d4 e6 2. Nf3 d5 3. e3 Nf6 4. c4 c5 5. b3 Nc6 6. a3 cxd4 7. Nxd4 Nxd4 8. Qxd4
Bd7 9. Bb2 b6 10. Nd2 Be7 11. Qc3 Rc8 12. Be2 O-O 13. g4 d4 14. Qxd4 Bc5 15.
Qc3 h6 16. O-O-O Ne8 17. h4 f6 18. g5 fxg5 19. Ne4 Be7 20. Bh5 Bf6 21. Qc2
Bxb2+ 22. Qxb2 gxh4 23. Rhg1 Qe7 24. Nd6 Nxd6 25. Rxd6 Rc6 26. Rxc6 Bxc6 27. f4
Be4 28. Bg4 Bf5 29. Bf3 Qf6 30. Qxf6 Rxf6 31. Rh1 g5 32. e4 Bg6 33. Bg4 Rxf4
34. Bxe6+ Kg7 35. Rd1 Rxe4 36. Rd7+ Kf8 37. Bd5 Re7 38. Rd6 Kg7 39. Kd2 h3 40.
Re6 Rxe6 41. Bxe6 h2 42. Bd5 Kf6 43. Ke3 Bc2 44. b4 Bb3 45. Kd4 Kf5 46. Bh1 Kf4
47. c5 Bd1 48. c6 Bg4 49. c7 Bc8 50. Kd3 g4 51. Ke2 g3 52. Bf3 Ba6+ 53. b5
Bxb5+ 54. Kd2 Kxf3 55. c8=Q Kg2 56. Qb7+ Kg1 57. Qe4 h1=Q 58. Qe3+ Kg2 59. Qe4+
Kg1 60. Qe3+ Kg2 61. Qe4+ Kh2 62. Qh4+ Kg2 63. Qe4+ Kg1 64. Qe3+ Kg2 65. Qe4+
1/2-1/2

[Event "Northern Michigan Open"]
[Site "Gaylord, MI"]
[Date "1997.07.20"]
[Round "5.6"]
[White "Pierson, John"]
[Black "Kelly, James"]
[Result "0-1"]
[WhiteElo "1249"]
[BlackElo "1661"]
[PlyCount "84"]
[EventDate "1997.07.19"]

1. d4 Nf6 2. Nc3 e6 3. e4 d5 4. Bg5 Be7 5. Bd3 c5 6. dxc5 dxe4 7. Bb5+ Bd7 8.
Qe2 O-O 9. Bxf6 Bxf6 10. Rd1 Bxc3+ 11. bxc3 Qc7 12. Bc4 Bc6 13. f3 exf3 14.
Nxf3 Bxf3 15. Qxf3 Qxc5 16. Qe4 Nc6 17. h4 Rad8 18. Ke2 Ne5 19. Bb3 b5 20. Rxd8
Rxd8 21. Qb4 Qc6 22. Rf1 Qxg2+ 23. Rf2 Qc6 24. Qf4 Qd6 25. Qd4 Qc7 26. Qe3 Ng4
27. Qf4 Qxf4 28. Rxf4 Nf6 29. Rd4 Rc8 30. a4 bxa4 31. Bxa4 Nd5 32. Kd2 Kf8 33.
c4 Nb6 34. Bb3 Ke7 35. Kd3 Nd7 36. Ba4 Nc5+ 37. Ke3 Nxa4 38. Kd2 Rd8 39. c3 Nb2
40. Kc2 Rxd4 41. cxd4 Nxc4 42. Kc3 Nb6 0-1

[Event "Northern Michigan Open"]
[Site "Gaylord, MI"]
[Date "1997.07.20"]
[Round "4.5"]
[White "Oesterreicher, Ronald"]
[Black "Revnell, Joseph"]
[Result "1-0"]
[WhiteElo "1326"]
[BlackElo "1514"]
[PlyCount "109"]
[EventDate "1997.07.19"]

1. e4 c5 2. Nf3 Nc6 3. d4 cxd4 4. Nxd4 Nxd4 5. Qxd4 e6 6. Be2 Qc7 7. Qc3 Qxc3+
8. Nxc3 a6 9. Bf4 Ne7 10. O-O Nc6 11. Rad1 Bc5 12. a3 b5 13. Bd6 Bd4 14. Rd3
Be5 15. Rfd1 Ra7 16. Bc5 Rc7 17. b4 Na5 18. Nd5 Rxc5 19. bxc5 exd5 20. Rxd5 Nc6
21. Bg4 O-O 22. Bxd7 Bxd7 23. Rxd7 Rc8 24. R1d5 g5 25. g4 h6 26. Rd3 Kg7 27.
Rf3 Bf4 28. Rd5 Ne5 29. Rc3 Nxg4 30. c6 Ne5 31. c7 Nc4 32. Rf3 Rxc7 33. h4 Nxa3
34. Rxa3 b4 35. Rxa6 gxh4 36. Rf5 Bg5 37. Kg2 Bd8 38. Rd5 Bg5 39. Rad6 Bf4 40.
Rd7 Rc6 41. Rf5 Rf6 42. Rxf6 Kxf6 43. Rd5 Ke6 44. Kh3 Bg5 45. Kg4 Be7 46. f4
Kf6 47. Kxh4 Kg6+ 48. Kg4 Bf8 49. Rb5 Be7 50. Rb6+ f6 51. f5+ Kf7 52. Kh5 Bc5
53. Rb7+ Ke8 54. Kxh6 Be7 55. Kg6 1-0

[Event "Northern Michigan Open"]
[Site "Gaylord, MI"]
[Date "1997.07.20"]
[Round "4.1"]
[White "Moody, David"]
[Black "Garrison, Ray"]
[Result "1-0"]
[WhiteElo "2012"]
[BlackElo "1923"]
[PlyCount "71"]
[EventDate "1997.07.19"]

1. e4 d5 2. Nc3 e6 3. d4 Bb4 4. e5 c5 5. a3 Ba5 6. b4 cxd4 7. Nb5 Bc7 8. Qxd4
Nc6 9. Nxc7+ Qxc7 10. Bb5 Nge7 11. Nf3 Bd7 12. Bxc6 Nxc6 13. Qc3 Rc8 14. Be3
Qb8 15. Bc5 d4 16. Bxd4 Nxd4 17. Qxd4 Rxc2 18. O-O Bc6 19. Ng5 Ke7 20. Rfd1 Bd5
21. Ne4 Rc4 22. Qe3 Rxe4 23. Qc5+ Ke8 24. Rac1 Bc6 25. Rd6 h5 26. Rxc6 bxc6 27.
Qxc6+ Ke7 28. Qxe4 Rd8 29. Qh4+ f6 30. exf6+ gxf6 31. Qxh5 e5 32. h3 Rd2 33.
Qh7+ Kd6 34. Qf7 Rxf2 35. Kxf2 Qb6+ 36. Rc5 1-0

[Event "Northern Michigan Open"]
[Site "Gaylord, MI"]
[Date "1997.07.20"]
[Round "5.8"]
[White "Mitchell, Dave"]
[Black "McNamara, Ron"]
[Result "0-1"]
[WhiteElo "1259"]
[BlackElo "1424"]
[PlyCount "88"]
[EventDate "1997.07.19"]

1. e4 d5 2. exd5 Nf6 3. Nf3 Nxd5 4. d4 Nc6 5. Bb5 Bf5 6. Bg5 Qd6 7. c3 O-O-O 8.
Bxc6 Qxc6 9. Ne5 Qe6 10. O-O f6 11. Bxf6 gxf6 12. Nf3 Bg4 13. Nbd2 Bh6 14. Re1
Qf7 15. Ne4 Rhg8 16. Ng3 f5 17. Qd3 f4 18. Ne5 Qg7 19. Nxg4 Qxg4 20. Qf5+ Qxf5
21. Nxf5 Bf8 22. Re4 b5 23. Rae1 Kd7 24. b3 f3 25. g3 Nxc3 26. Nxe7 Ne2+ 27.
R1xe2 fxe2 28. Nxg8 Bg7 29. Rxe2 Rxg8 30. h4 Bxd4 31. Rd2 c5 32. b4 Kd6 33.
bxc5+ Kxc5 34. Kg2 Rf8 35. f3 h6 36. h5 Rf5 37. g4 Re5 38. Rc2+ Kb4 39. Rc6 Be3
40. Kg3 Bg5 41. f4 Re3+ 42. Kf2 Bxf4 43. Ra6 Ra3 44. Rxa3 Kxa3 0-1

[Event "Northern Michigan Open"]
[Site "Gaylord, MI"]
[Date "1997.07.20"]
[Round "4.4"]
[White "Matias, I.C."]
[Black "Brumley, Ron"]
[Result "1/2-1/2"]
[WhiteElo "1649"]
[BlackElo "1476"]
[PlyCount "127"]
[EventDate "1997.07.19"]

1. d4 d5 2. c4 dxc4 3. Nf3 Nf6 4. e3 Bg4 5. Bxc4 e6 6. O-O c5 7. Qe2 cxd4 8.
Rd1 Bc5 9. exd4 Bd6 10. h3 Bxf3 11. Qxf3 Qc7 12. Bb3 O-O 13. Nc3 a6 14. Bg5
Nbd7 15. Rac1 Qa5 16. Bxf6 Nxf6 17. Ne4 Nxe4 18. Qxe4 Qb6 19. f4 Rac8 20. Kh1
Rfd8 21. f5 Rxc1 22. Rxc1 exf5 23. Qxf5 Qxd4 24. Qxf7+ Kh8 25. Qf5 Qxb2 26. Rd1
Qf6 27. Qxf6 gxf6 28. g4 Kg7 29. Kg2 Bc7 30. Rxd8 Bxd8 31. Kf3 Kg6 32. Bc2+ Kg7
33. Kf4 h6 34. Kf5 Bc7 35. Bb3 b5 36. Bd5 Bg3 37. Bb3 Bh4 38. Bd5 a5 39. Bb3 b4
40. Bc4 Kf8 41. Ke6 Ke8 42. Kd6 Kd8 43. Bd5 Kc8 44. Kc6 Bg3 45. Kb5 Bc7 46.
Be6+ Kd8 47. h4 Ke7 48. Bf5 Kd6 49. h5 Kd5 50. Bd7 Bd8 51. Bf5 Kd4 52. Be6 Kc3
53. Bd5 Kb2 54. Be6 Ka3 55. Kc5 a4 56. Kd4 Bb6+ 57. Kd3 b3 58. axb3 axb3 59.
Kd2 Kb2 60. Kd1 Bd4 61. Bd5 Be3 62. Be6 Ka3 63. Bd5 b2 64. Kc2 1/2-1/2

[Event "Northern Michigan Open"]
[Site "Gaylord, MI"]
[Date "1997.07.20"]
[Round "5.1"]
[White "Kreger, David"]
[Black "Moody, David"]
[Result "1/2-1/2"]
[WhiteElo "1671"]
[BlackElo "2012"]
[PlyCount "51"]
[EventDate "1997.07.19"]

1. d4 Nf6 2. c4 g6 3. Nc3 Bg7 4. e4 d6 5. f3 O-O 6. Be3 e5 7. d5 c6 8. Qd2 a6
9. Bd3 cxd5 10. cxd5 b5 11. Nge2 Nbd7 12. g4 Nc5 13. Bg5 b4 14. Nd1 a5 15. Ne3
Nxd3+ 16. Qxd3 Ba6 17. Qb3 h6 18. Bh4 Qb6 19. a4 Rac8 20. Bf2 Bxe2 21. Kxe2
Qa6+ 22. Qd3 Qxd3+ 23. Kxd3 Nd7 24. Nc4 Nc5+ 25. Bxc5 dxc5 26. Nxa5 1/2-1/2

[Event "Northern Michigan Open"]
[Site "Gaylord, MI"]
[Date "1997.07.20"]
[Round "4.6"]
[White "Kelly, James"]
[Black "Avery, Bill"]
[Result "1/2-1/2"]
[WhiteElo "1661"]
[BlackElo "1393"]
[PlyCount "62"]
[EventDate "1997.07.19"]

1. d4 Nf6 2. e3 d5 3. Bd3 Bg4 4. Nf3 e6 5. Nbd2 c5 6. c3 Nc6 7. Qc2 c4 8. Be2
Bf5 9. Qd1 h6 10. Nf1 Bd6 11. Ng3 Bh7 12. O-O Bxg3 13. fxg3 Qc7 14. Qe1 a5 15.
Nd2 a4 16. Qf2 O-O 17. Qf3 b5 18. a3 Ne4 19. Nxe4 Bxe4 20. Qf4 Qd7 21. Bd2 Na5
22. Rae1 Nb3 23. Bc1 Rae8 24. Bg4 Ra8 25. Qe5 f6 26. Qh5 Nxc1 27. Rxc1 Bd3 28.
Rfe1 Qd6 29. Be2 Bxe2 30. Rxe2 Qe7 31. Qg6 Qf7 1/2-1/2

[Event "Northern Michigan Open"]
[Site "Gaylord, MI"]
[Date "1997.07.20"]
[Round "4.7"]
[White "Gatesy, Matthew"]
[Black "Pierson, John"]
[Result "0-1"]
[WhiteElo "1132"]
[BlackElo "1249"]
[PlyCount "78"]
[EventDate "1997.07.19"]

1. d4 Nf6 2. c4 e6 3. Nc3 Bb4 4. Bg5 Bxc3+ 5. bxc3 c5 6. d5 O-O 7. Nf3 h6 8.
Bh4 g5 9. Bg3 Qa5 10. Be5 Ne4 11. Qc2 f5 12. e3 d6 13. Bd3 dxe5 14. Bxe4 fxe4
15. Nxe5 Nd7 16. Nxd7 Bxd7 17. O-O exd5 18. cxd5 Rae8 19. c4 Qa6 20. Qb3 b5 21.
Rac1 bxc4 22. Rxc4 Qf6 23. Qd1 Bb5 24. Rc1 Bxf1 25. Qxf1 Qd6 26. Qc4 Re5 27.
Rd1 g4 28. Qe2 Rg5 29. g3 h5 30. Qc4 Rd8 31. Qxe4 Rxd5 32. Rxd5 Qxd5 33. Qg6+
Kf8 34. Qf6+ Ke8 35. Qg6+ Kd7 36. Qh7+ Kc8 37. Qb1 Qd1+ 38. Qxd1 Rxd1+ 39. Kg2
c4 0-1

[Event "Northern Michigan Open"]
[Site "Gaylord, MI"]
[Date "1997.07.20"]
[Round "5.2"]
[White "Garrison, Ray"]
[Black "Walquist, Elaine"]
[Result "1/2-1/2"]
[WhiteElo "1923"]
[BlackElo "1745"]
[PlyCount "109"]
[EventDate "1997.07.19"]

1. d4 g6 2. Nf3 Nf6 3. Bf4 d6 4. Nbd2 Bg7 5. e3 Nh5 6. Bg5 Be6 7. Be2 h6 8. Bh4
Nf6 9. c3 Nbd7 10. h3 c6 11. Bd3 Nb6 12. Bg3 Qd7 13. Nh4 g5 14. Nhf3 g4 15.
hxg4 Bxg4 16. Qc2 O-O-O 17. a4 Rde8 18. a5 Nbd5 19. e4 Nc7 20. Nc4 Kb8 21. Qb3
Bxf3 22. gxf3 Rd8 23. a6 b5 24. e5 Nfe8 25. Na5 dxe5 26. Be4 Nd5 27. c4 Nb6 28.
Nxc6+ Kc7 29. Nxa7 bxc4 30. Nb5+ Kc8 31. a7 Nc7 32. Qxc4 Qxb5 33. a8=Q+ Nbxa8
34. Rxa8+ Kd7 35. Qxb5+ Nxb5 36. Rxd8+ Rxd8 37. dxe5 Ke6 38. f4 Rd4 39. f3 Ra4
40. Rh2 Nd4 41. Rd2 f5 42. Bb7 Rb4 43. Bc8+ Kf7 44. Rd3 Ne6 45. Bxe6+ Kxe6 46.
b3 h5 47. Kd2 Bh6 48. Kc3 Rxf4 49. b4 h4 50. Bh2 h3 51. b5 Ra4 52. b6 Ra6 53.
Bg1 h2 54. Bxh2 Rxb6 55. Rd1 1/2-1/2

[Event "Northern Michigan Open"]
[Site "Gaylord, MI"]
[Date "1997.07.20"]
[Round "4.2"]
[White "Evans Sr., Thomas"]
[Black "Kreger, David"]
[Result "0-1"]
[WhiteElo "1970"]
[BlackElo "1671"]
[PlyCount "84"]
[EventDate "1997.07.19"]

1. e4 e6 2. d4 d5 3. e5 c5 4. c3 Nc6 5. Nf3 Bd7 6. Bd3 Qb6 7. Bc2 cxd4 8. cxd4
Nb4 9. Ba4 Bxa4 10. Qxa4+ Qc6 11. Qxc6+ Nxc6 12. a3 Rc8 13. O-O Na5 14. Nbd2
Ne7 15. b4 Nc4 16. Nxc4 dxc4 17. Bd2 Nd5 18. Rfc1 Be7 19. Ng5 Bxg5 20. Bxg5 h6
21. Be3 O-O 22. Kf1 Rfd8 23. Ke2 Rd7 24. Rc2 b5 25. g3 Rb7 26. Bd2 Nb6 27. Rd1
Rd8 28. Be3 Rd5 29. f4 Rbd7 30. g4 f5 31. Kf3 Rf7 32. gxf5 Rxf5 33. Rg1 Rd7 34.
Rcg2 Nd5 35. Rg6 Rh5 36. Rxe6 Rxh2 37. Bf2 Kf8 38. f5 Rh5 39. Ke4 Nc3+ 40. Ke3
Rxf5 41. Rc1 Nd5+ 42. Ke4 Rf4# 0-1

[Event "Northern Michigan Open"]
[Site "Gaylord, MI"]
[Date "1997.07.20"]
[Round "4.9"]
[White "Evans Jr., Thomas"]
[Black "Crysler, Jerry"]
[Result "1-0"]
[WhiteElo "1293"]
[BlackElo "1444"]
[PlyCount "79"]
[EventDate "1997.07.19"]

1. d4 Nf6 2. c4 g6 3. e3 Bg7 4. Nf3 O-O 5. Be2 b6 6. O-O Bb7 7. Nc3 d6 8. Bd2
Nbd7 9. d5 c6 10. e4 Nxe4 11. Nxe4 Bxb2 12. Rb1 cxd5 13. cxd5 Bxd5 14. Rxb2
Bxe4 15. Bh6 Re8 16. Qd4 Nf6 17. Ng5 e5 18. Qc4 Re7 19. Nxe4 Nxe4 20. Qxe4 d5
21. Qh4 Qd6 22. Bg5 Re6 23. Bg4 f5 24. Be2 a6 25. Rd2 b5 26. Rfd1 d4 27. Bf3
Ra7 28. h3 h5 29. Bh6 Rd7 30. Qg5 Qb6 31. Bxh5 e4 32. Re1 b4 33. Be2 Rc6 34.
Bd1 Qa5 35. Bb3+ Kh7 36. Qh5 Kh8 37. Rxd4 Qc7 38. Rxd7 Qxd7 39. Rd1 Qc7 40.
Rd8+ 1-0

[Event "Northern Michigan Open"]
[Site "Gaylord, MI"]
[Date "1997.07.20"]
[Round "5.9"]
[White "Crysler, Jerry"]
[Black "Miller, Jess"]
[Result "1-0"]
[WhiteElo "1244"]
[BlackElo "1444"]
[PlyCount "66"]
[EventDate "1997.07.19"]

1. Nf3 d5 2. d3 c5 3. Nbd2 Nc6 4. g3 Nf6 5. Bg2 e6 6. O-O Bd6 7. b3 e5 8. Bb2
Be6 9. Ne1 Qd7 10. c4 d4 11. Nc2 Bh3 12. f3 Bxg2 13. Kxg2 h5 14. Qe1 O-O-O 15.
e4 Be7 16. h4 Ne8 17. Rh1 g5 18. Qf2 gxh4 19. gxh4 Ng7 20. Nf1 Ne6 21. Ng3 Nf4+
22. Kf1 Nxd3 23. Qe2 Nf4 24. Qh2 d3 25. Rd1 Qc7 26. Nf5 dxc2 27. Rxd8+ Qxd8 28.
Qxc2 Rg8 29. Rh2 Qd3+ 30. Qxd3 Nxd3 31. Bc3 f6 32. Ne3 Nd4 33. Nd5 Bd8 {
Remainder illegible} 1-0

[Event "Northern Michigan Open"]
[Site "Gaylord, MI"]
[Date "1997.07.20"]
[Round "5.3"]
[White "Brumley, Ron"]
[Black "Oesterreicher, Ronald"]
[Result "1-0"]
[WhiteElo "1476"]
[BlackElo "1326"]
[PlyCount "103"]
[EventDate "1997.07.19"]

1. d4 Nf6 2. Nf3 d6 3. c4 Bg4 4. Nc3 g6 5. e4 Bxf3 6. Qxf3 Nbd7 7. Bg5 Bg7 8.
Be2 c5 9. d5 Qb6 10. Rb1 Ne5 11. Qe3 Qb4 12. a3 Qb3 13. O-O Nxc4 14. Qc1 O-O
15. Bh6 Ne5 16. Bxg7 Kxg7 17. f4 Neg4 18. h3 Nh6 19. g4 Nxe4 20. Nxe4 Qxh3 21.
Qc3+ Qxc3 22. bxc3 b6 23. c4 f5 24. Ng5 Rf6 25. Ne6+ Kg8 26. g5 Rxe6 27. dxe6
Ng4 28. Bxg4 fxg4 29. Kg2 Rf8 30. Kg3 Kg7 31. Rh1 Rf5 32. Rbd1 Rf8 33. Kxg4 Rb8
34. a4 a6 35. Rb1 b5 36. axb5 axb5 37. cxb5 Rb6 38. Kf3 d5 39. Rhd1 d4 40. Rdc1
Rxe6 41. Rxc5 Re3+ 42. Kg4 d3 43. Re5 Rxe5 44. fxe5 d2 45. e6 h5+ 46. Kf4 h4
47. Rd1 h3 48. Rxd2 h2 49. Rxh2 Kg8 50. b6 Kg7 51. b7 Kg8 52. b8=Q+ 1-0

[Event "Northern Michigan Open"]
[Site "Gaylord, MI"]
[Date "1997.07.20"]
[Round "4.8"]
[White "Baker, Tom"]
[Black "Mitchell, Dave"]
[Result "1-0"]
[WhiteElo "1464"]
[BlackElo "1259"]
[PlyCount "67"]
[EventDate "1997.07.19"]

1. e4 d6 2. d4 Nf6 3. Nc3 c6 4. Nf3 Bg4 5. Bf4 Nbd7 6. Be2 Qa5 7. O-O Rd8 8.
Bd2 Qc7 9. h3 Bxf3 10. Bxf3 e5 11. d5 Be7 12. Be3 O-O 13. Na4 Rc8 14. c4 cxd5
15. cxd5 Qc2 16. Rc1 Qxd1 17. Rfxd1 b6 18. b4 Rfd8 19. a3 Ne8 20. Be2 Rc7 21.
Rxc7 Nxc7 22. Rc1 Ne8 23. Bb5 Ndf6 24. f3 Rb8 25. Rc6 Rb7 26. Nc3 Rc7 27. Ba6
Rxc6 28. dxc6 Nc7 29. Bc4 Kf8 30. b5 Ke8 31. a4 d5 32. exd5 Ncxd5 33. Nxd5 Nxd5
34. Bxd5 1-0

[Event "Northern Michigan Open"]
[Site "Gaylord, MI"]
[Date "1997.07.20"]
[Round "5.4"]
[White "Baker, Tom"]
[Black "Matias, I.C."]
[Result "1/2-1/2"]
[WhiteElo "1464"]
[BlackElo "1649"]
[PlyCount "54"]
[EventDate "1997.07.19"]

1. e4 e6 2. d4 d5 3. exd5 exd5 4. Bd3 Nf6 5. Nc3 Nc6 6. Nf3 Be7 7. O-O Bg4 8.
Be2 O-O 9. Bf4 a6 10. h3 Bh5 11. a3 Re8 12. Re1 h6 13. Ne5 Bxe2 14. Rxe2 Bd6
15. Nxc6 bxc6 16. Bxd6 Qxd6 17. Qd3 c5 18. dxc5 Qxc5 19. Rae1 Rxe2 20. Rxe2 Qd6
21. Rd2 Re8 22. Re2 Rxe2 23. Nxe2 c5 24. c3 Ne4 25. f3 Nf6 26. Kf2 Qb6 27. Qd2
Qc6 1/2-1/2

[Event "Northern Michigan Open"]
[Site "Gaylord, MI"]
[Date "1997.07.20"]
[Round "4.3"]
[White "Baker, Derrick"]
[Black "Walquist, Elaine"]
[Result "0-1"]
[WhiteElo "1484"]
[BlackElo "1745"]
[PlyCount "120"]
[EventDate "1997.07.19"]

1. Nf3 Nf6 2. g3 g6 3. Bg2 Bg7 4. d3 O-O 5. Bg5 h6 6. Bf4 Nd5 7. Be5 Nf6 8. O-O
d6 9. Bc3 e5 10. Re1 Nc6 11. e4 Nh5 12. d4 f5 13. exf5 exd4 14. Nxd4 Bxd4 15.
Bxd4 Nxd4 16. Qxd4 gxf5 17. Nc3 c6 18. Ne2 Qf6 19. Rad1 Qxd4 20. Rxd4 Rf6 21.
Bf3 Ng7 22. Nf4 d5 23. Nh5 Re6 24. Rdd1 Bd7 25. Rxe6 Bxe6 26. Nxg7 Kxg7 27. Re1
Kf6 28. Bh5 b5 29. f4 c5 30. Re5 c4 31. Bf3 Rd8 32. Kf2 a6 33. c3 d4 34. cxd4
Rxd4 35. Bb7 Rd2+ 36. Re2 Rd6 37. Ke1 c3 38. b3 Rb6 39. Bf3 b4 40. Kd1 Rd6+ 41.
Kc2 Bd5 42. Bxd5 Rxd5 43. h3 Rd4 44. a3 a5 45. a4 Re4 46. Kd3 Rxe2 47. Kxe2 Ke6
48. Kd3 Kd5 49. Ke3 h5 50. h4 c2 51. Kd2 Ke4 52. Kxc2 Ke3 53. Kd1 Kf3 54. Ke1
Kxg3 55. Kf1 Kxf4 56. Kf2 Kg4 57. Ke3 Kg3 58. Ke2 f4 59. Kf1 Kf3 60. Ke1 Kg2
0-1

[Event "Northern Michigan Open"]
[Site "Gaylord, MI"]
[Date "1997.07.20"]
[Round "5.7"]
[White "Avery, Bill"]
[Black "Baker, Derrick"]
[Result "1-0"]
[WhiteElo "1393"]
[BlackElo "1484"]
[PlyCount "89"]
[EventDate "1997.07.19"]

{5/(7)} 1. d4 Nf6 2. Nf3 g6 3. Bf4 Bg7 4. h3 O-O 5. e3 d6 6. c4 c5 7. d5 Bf5 8.
Bd3 Qa5+ 9. Qd2 Qxd2+ 10. Kxd2 Ne4+ 11. Bxe4 Bxe4 12. Nc3 Bxf3 13. gxf3 Nd7 14.
h4 h5 15. Bh2 Kh7 16. f4 f5 17. Rhg1 Bxc3+ 18. Kxc3 Nf6 19. f3 a6 20. Rg2 b5
21. b3 Rae8 22. Rag1 Rg8 23. Kd3 e6 24. e4 fxe4+ 25. fxe4 e5 26. fxe5 dxe5 27.
Rf1 Ng4 28. Bg1 Rc8 29. Be3 Nxe3 30. Kxe3 Rgf8 31. Rxf8 Rxf8 32. Rg5 Re8 33. d6
bxc4 34. bxc4 Re6 35. Rxe5 Rxd6 36. Rxc5 Kg7 37. e5 Re6 38. Rc7+ Kh6 39. Ke4 g5
40. hxg5+ Kxg5 41. c5 h4 42. Rg7+ Rg6 43. Rxg6+ Kxg6 44. c6 h3 45. Kf3 1-0

[Event "Ann Arbor Summer Open"]
[Site "Ann Arbor, MI"]
[Date "1997.07.26"]
[Round "1"]
[White "Aldrich, Jeff"]
[Black "Kamberi, Sonny"]
[Result "0-1"]
[WhiteElo "2004"]
[BlackElo "2305"]
[PlyCount "94"]
[EventDate "1997.07.26"]

1. d4 Nf6 2. c4 g6 3. Nc3 Bg7 4. e4 d6 5. Be2 O-O 6. Nf3 e5 7. dxe5 dxe5 8.
Qxd8 Rxd8 9. Bg5 c6 10. O-O Bg4 11. Rad1 Na6 12. Nxe5 Bxe2 13. Nxe2 Rxd1 14.
Rxd1 Nxe4 15. Nf3 Bxb2 16. Be3 Nac5 17. Nfd4 Rd8 18. Rb1 Na4 19. Nb3 Nac3 20.
Nxc3 Nxc3 21. Re1 Nxa2 22. Bxa7 Bc3 23. Rb1 b5 24. cxb5 cxb5 25. Kf1 b4 26. Be3
f5 27. Ke2 Be5 28. Ke1 Kf7 29. Rd1 Rxd1+ 30. Kxd1 Bxh2 31. g3 Nc3+ 32. Kc2 Nd5
33. Bc5 f4 34. g4 f3 35. Nd4 Be5 36. Nxf3 Bf6 37. Kd3 b3 38. Nd4 Nf4+ 39. Kd2
b2 40. Kc2 Nd3 41. Nb3 Nxc5 42. Nxc5 h5 43. g5 Bd4 44. Ne4 h4 45. f4 Ke6 46.
Nd2 h3 47. Nf3 Bg7 0-1

[Event "Ann Arbor Summer Open"]
[Site "Ann Arbor, MI"]
[Date "1997.07.27"]
[Round "3"]
[White "Garrison, Ray"]
[Black "Aldrich, Jeff"]
[Result "0-1"]
[WhiteElo "1923"]
[BlackElo "2004"]
[PlyCount "110"]
[EventDate "1997.07.26"]

1. d4 d5 2. Nf3 Nf6 3. Bf4 e6 4. e3 c5 5. c3 Nc6 6. Ne5 Qb6 7. Qb3 c4 8. Qc2
Qa6 9. Be2 b5 10. Nd2 Bd7 11. Ndf3 h6 12. Nh4 Nxe5 13. Bxe5 Bd6 14. Ng6 Rg8 15.
Bxd6 Qxd6 16. Ne5 a5 17. f3 Ke7 18. e4 Rgb8 19. Nxf7 Kxf7 20. e5 Qe7 21. exf6
Qxf6 22. f4 b4 23. O-O g6 24. Bf3 a4 25. a3 bxc3 26. bxc3 Rb3 27. g3 Rab8 28.
Rfb1 Qf5 29. Qxf5+ gxf5 30. Rc1 Rb2 31. Bd1 Rd2 32. Rc2 Rxc2 33. Bxc2 Rb2 34.
Bd1 Kf6 35. Kh1 Be8 36. Kg1 h5 37. Kh1 h4 38. gxh4 Rf2 39. h5 Rxf4 40. Kg2 Kg5
41. Rb1 Re4 42. Rb8 Bxh5 43. Rg8+ Bg6 44. Bxa4 Kf6 45. Kf2 Bh5 46. Rh8 Kg5 47.
Bd7 Bg4 48. a4 Re2+ 49. Kf1 Kf4 50. Rh6 e5 51. Rh4 Rc2 52. h3 Kf3 53. Ke1 Ke3
54. Kf1 Bf3 55. Kg1 f4 0-1

[Event "Ann Arbor Summer Open"]
[Site "Ann Arbor, MI"]
[Date "1997.07.27"]
[Round "4"]
[White "Aldrich, Jeff"]
[Black "Santiago, Reynaldo"]
[Result "1-0"]
[WhiteElo "2004"]
[BlackElo "2036"]
[PlyCount "97"]
[EventDate "1997.07.26"]

1. d4 g6 2. c4 Bg7 3. Nc3 c5 4. Nf3 f5 5. e4 cxd4 6. Nxd4 fxe4 7. Nxe4 Nc6 8.
Nb5 a6 9. Nbc3 Nh6 10. Bg5 Nf7 11. Bh4 O-O 12. Bd3 Qa5 13. O-O d6 14. Rb1 Be6
15. Qe1 Nfe5 16. Be2 Kh8 17. b4 Qc7 18. c5 Nd4 19. Rc1 Nxe2+ 20. Qxe2 Bc4 21.
cxd6 exd6 22. Nd5 Qf7 23. Rxc4 Qxd5 24. Rc7 Rf4 25. Nc3 Qd4 26. Bg3 Rff8 27.
Rd1 Qxb4 28. Nd5 Qb5 29. Qc2 Rad8 30. a4 Qa5 31. Bh4 Rd7 32. Rc8 Nc6 33. Rxf8+
Bxf8 34. Bf6+ Kg8 35. Qb3 Rf7 36. Bc3 Qd8 37. Nf6+ Kg7 38. Nxh7+ Kg8 39. Nf6+
Kg7 40. Ng4+ Kg8 41. Bf6 Qd7 42. Qg3 Qf5 43. Bc3 d5 44. Ne3 Qe6 45. Nxd5 Bc5
46. Nf4 Qf5 47. Re1 Na7 48. Nd3 Qxd3 49. Qxd3 1-0

[Event "U.S. Open"]
[Site "Orlando, Fla."]
[Date "1997.08.08"]
[Round "1"]
[White "Moody, David"]
[Black "Rodriguez, Eric"]
[Result "1-0"]
[WhiteElo "2049"]
[BlackElo "1372"]
[PlyCount "85"]
[EventDate "1997.08.03"]

1. e4 c5 2. d4 cxd4 3. c3 dxc3 4. Nxc3 d6 5. Nf3 Nc6 6. Bc4 Bg4 7. Bxf7+ Kxf7
8. Ng5+ Ke8 9. Qxg4 Nf6 10. Qe6 Qd7 11. Qf7+ Kd8 12. Ne6+ Kc8 13. Nxf8 Ne5 14.
Nxd7 Nxf7 15. Nxf6 gxf6 16. Bf4 Rg8 17. Nd5 Kd7 18. Rc1 Rac8 19. Kd2 Rc6 20.
Rxc6 bxc6 21. Ne3 e5 22. Bg3 Rb8 23. Kc2 Ng5 24. f3 Ne6 25. Nf5 d5 26. Rd1 d4
27. Nxd4 Nxd4+ 28. Rxd4+ exd4 29. Bxb8 a6 30. Ba7 Ke6 31. Bxd4 f5 32. Kb3 fxe4
33. fxe4 Kd6 34. Kb4 h5 35. h4 c5+ 36. Bxc5+ Ke5 37. Ka5 Kxe4 38. Kxa6 Kd5 39.
Bf2 Kc6 40. b4 Kc7 41. b5 Kb8 42. b6 Ka8 43. b7+ 1-0

[Event "U.S. Open"]
[Site "Orlando, Fla."]
[Date "1997.08.08"]
[Round "2"]
[White "Mikhailuk, Slava"]
[Black "Moody, David"]
[Result "1-0"]
[WhiteElo "2443"]
[BlackElo "2049"]
[PlyCount "49"]
[EventDate "1997.08.03"]

1. c4 Nf6 2. Nf3 g6 3. g3 Bg7 4. Bg2 O-O 5. O-O d6 6. Nc3 e5 7. d3 Nc6 8. Bd2
Bd7 9. Rc1 Rb8 10. Nd5 Ne7 11. Nxf6+ Bxf6 12. Bh6 Bg7 13. Bxg7 Kxg7 14. d4 Nc6
15. d5 Ne7 16. Qd2 c6 17. c5 f6 18. dxc6 Bxc6 19. cxd6 Nf5 20. Rfd1 Rf7 21. e4
Nxd6 22. Nxe5 Re7 23. Nxc6 bxc6 24. Qxd6 Qxd6 25. Rxd6 1-0

[Event "U.S. Open"]
[Site "Orlando, Fla."]
[Date "1997.08.09"]
[Round "3"]
[White "Moody, David"]
[Black "Cohen, Jonathan"]
[Result "1/2-1/2"]
[WhiteElo "2049"]
[BlackElo "1705"]
[PlyCount "59"]
[EventDate "1997.08.03"]

1. e4 e5 2. Nf3 Nc6 3. Bc4 Bc5 4. b4 Bxb4 5. c3 Be7 6. d4 exd4 7. O-O d6 8.
cxd4 Nf6 9. Nc3 Bg4 10. Qb3 O-O 11. Qxb7 Na5 12. Qa6 Nxc4 13. Qxc4 Qd7 14. Qd3
Rac8 15. Bb2 Bh5 16. Rad1 c6 17. e5 Bg6 18. Qe2 Ne8 19. d5 Nc7 20. dxc6 Qxc6
21. Nd4 Qd7 22. exd6 Bxd6 23. Ndb5 Nxb5 24. Nxb5 Rc2 25. Rxd6 Rxe2 26. Rxd7
Rxb2 27. Nxa7 Rxa2 28. Nc6 Re8 29. Ne7+ Kf8 30. Nxg6+ 1/2-1/2